000 01070nam a22003375a 4500
003 EG-ScBUE
005 20220911112752.0
008 171123s2013 ohua f 001 0 eng d
020 _a9781440312496
020 _a1440312494
040 _aEG-ScBUE
_beng
_erda
_cEG-ScBUE
_dEG-ScBUE
082 0 4 _222
_a702.8
_bBRI
100 1 _aBrickler, Ed S.,
_eauthor.
245 1 0 _aMaking art :
_bmaterials and techniques for today's artist /
_cEd S. Brickler.
264 1 _aOhio :
_bNorth Light,
_c2013.
300 _a159 pages :
_billustrations ;
_c30 cm
336 _2rdacontent
_atext
_btxt
337 _2rdamedia
_aunmediated
_bn
338 _2rdacarrier
_avolume
_bnc
500 _aIncludes Index.
590 _aSuzan Ashmawy
650 7 _2BUEsh
_aPainting
_xTechnique.
650 7 _2BUEsh
_aWatercolor painting
_xTechnique.
_937929
650 7 _2BUEsh
_aAcrylic painting
_xTechnique.
_937852
650 7 _2BUEsh
_aArt
_xTechnique.
_939845
650 7 _2BUEsh
_aDrawing
_xTechnique.
651 _2BUEsh
653 _bENGARC
655 _vReading book
_934232
942 _2ddc
_cBB
999 _c25657
_d25629